American blueprint 2 : student book.

Guardado en:
書目詳細資料
主要作者: Abbs, Brian (autor)
其他作者: Frebairn, Ingrid (autor) (autor)
格式: 圖書
語言:英语
主題:
標簽: 添加標簽
沒有標簽, 成為第一個標記此記錄!

MARC

LEADER 00000cam^a2200000uu^4500
001 000463205
005 20250521000000.0
008 050901s1994^^^^^^^^^^^^rd^r^^000^0^eng^d
009 20260310124306.327
022 |a 0582229855 
035 |a FCE 000005755 
035 |a FCE 022863 
037 |a Acervo ITESO - Biblioteca 
041 |a eng 
082 0 4 |a 428.077  |b ABBa 2 
100 |a Abbs, Brian  |e (autor) 
245 1 0 |a American blueprint 2 :  |b student book. 
264 |a Inglaterra :  |b Logman,  |c 1994. 
300 |a 141 p. 
336 |a texto  |b txt  |2 rdacontenido 
337 |a sin mediación  |b n  |2 rdamedio 
338 |a volumen  |b nc  |2 rdasoporte 
649 |a XX 
650 |a Enseñanza de la lengua 
650 |a Inglés 
650 |a Lengua extranjera 
650 |a Libros de texto 
700 |a Frebairn, Ingrid  |e (autor) 
910 |a Fondo Centro de Estudios Educativos 
920 |a Impresos - Libros 
930 |a Fondos Especiales 
905 |a 133 
901 |a ALE022863  |b IT2  |c CEE  |u 20250521 
902 |a https://opac.biblio.iteso.mx/vufind/Record/000463205